000 00535nam a22001937a 4500
003 OSt
005 20260422005045.0
008 260422b |||||||| |||| 00| 0 eng d
020 _a0-4190-0372-0
040 _aDWC-Main lib.
_cOC
082 _aCirc. 512.9 H257 2006
110 _aHARCOURT ACHIEVE
245 _aPre Algebra/
_cHARCOURT ACHIEVE
260 _aAustin, Texas :
_bHarcourt Achieve,
_cc2006.
300 _aiii, 85 p. ;
_c28 cm.
490 _aTop Line Math
650 _a1. Algebra.
942 _2ddc
_cBK-CIRC
_hCirc.
_n0
999 _c9630
_d9630